000
00246 a2200097 4500
001
34681
100
_a
SAF, M Hasan Safdar
245
_a
Decision making : A Multidimensional process
260
_a
Karachi
_b
Royal Book Co
_c
090
_c
22965
_d
22965
942
_a
NUST-CAE
_c
M
_c
14408
999
_c
269754
_d
269754